000 00706nam a2200241 a 4500
001 73039
003 BD-RjUL
005 20211209082337.0
008 170527r19601959enka b 001 0 eng d
035 _a(BD-RjUL)73257
040 _aDLC
_cFM
_dBD-RjUL
_beng
041 _aeng
082 _a599.935
_223
_bPEO 1960
100 1 _aPenrose, L. S.
_q(Lionel Sharples),
_d1898-1972
_9216035
245 1 0 _aOutline of human genetics /
_cL. S. Penrose
260 _aLondon :
_bHeinemann,
_cc1959 [reprinted 1960]
300 _a146 p. :
_b ill. ;
_c20 cm.
504 _aIncludes bibliography and index
650 0 _aHuman genetics
_9216036
740 0 _aHuman genetics.
942 _2ddc
_cBK
999 _c73039
_d73039